• 首页
  • 本馆介绍
  • 公告通知
  • 最新文献
  • 馆藏检索
  • 电子资源
  • 读者导购
  • 参考咨询
  • 我的图书馆
  • 登录
  • 期刊详细显示
  • 现刊情况显示
  • 合订本情况显示
  • 篇目信息显示

期刊信息

  • 表格格式
  • 工作单格式
  • 卡片格式
索取号 
C55/XB
题名 
齐鲁学刊
作者 
曲阜师范大学齐鲁学刊编辑部
分册号 
分册名 
出版地 
曲阜
出版者 
曲阜师范大学主办
标准刊号 
出版频率 
双月刊
中图法分类 
C55
主题词 
社会科学 连续出版物; 社会科学 期刊
电子资源 
000 00625nas0 2200205 45
001 0733706641
005 2007091009214664
011    @d¥1.20
100    @a20070910d km y0chiy0120 ea
101 0  @achi
110    @aagaz 0xx0
200 1  @a齐鲁学刊@AQi Lu Xue Kan@f曲阜师范大学齐鲁学刊编辑部@FQu Fu Shi Fan Da Xue Qi Lu Xue Kan Bian Ji Bu
210    @a曲阜@c曲阜师范大学主办
326    @a双月刊
606 0  @a社会科学@x连续出版物
606 0  @a社会科学@x期刊
690    @aC55@v4
711 02 @a阜师范大学齐鲁学刊编辑部@AFu Shi Fan Da Xue Qi Lu Xue Kan Bian Ji Bu@4曲
801  0 @aCN@bPFT@c20070910
905    @a213230@dC55@eXB
    
    齐鲁学刊/曲阜师范大学齐鲁学刊编辑部.-曲阜:曲阜师范大学主办
    
    
    
    ¥1.20
    
●
相关链接: 在易读查询期刊 在中国知网中查询期刊 在万方数据查询期刊 在维普查询期刊
唐山师范学院图书馆 欢迎您!
大连网信软件有限公司© 版权所有